MARC details
| 001 - CONTROL NUMBER |
| control field |
24256185 |
| 003 - CONTROL NUMBER IDENTIFIER |
| control field |
0000 |
| 005 - DATE AND TIME OF LATEST TRANSACTION |
| control field |
20251016131239.0 |
| 008 - FIXED-LENGTH DATA ELEMENTS--GENERAL INFORMATION |
| fixed length control field |
250621t20252025flu 001 0 eng |
| 010 ## - LIBRARY OF CONGRESS CONTROL NUMBER |
| LC control number |
2025003619 |
| 020 ## - INTERNATIONAL STANDARD BOOK NUMBER |
| International Standard Book Number |
9780367420925 |
| 020 ## - INTERNATIONAL STANDARD BOOK NUMBER |
| International Standard Book Number |
9781041070474 |
| 020 ## - INTERNATIONAL STANDARD BOOK NUMBER |
| Cancelled/invalid ISBN |
9780367821746 |
| 035 ## - SYSTEM CONTROL NUMBER |
| System control number |
24256185 |
| 040 ## - CATALOGING SOURCE |
| Original cataloging agency |
DLC |
| Language of cataloging |
eng |
| Description conventions |
rda |
| Transcribing agency |
DLC |
| 042 ## - AUTHENTICATION CODE |
| Authentication code |
pcc |
| 050 00 - LIBRARY OF CONGRESS CALL NUMBER |
| Classification number |
QC88 |
| Item number |
.H257 2025 |
| 082 00 - DEWEY DECIMAL CLASSIFICATION NUMBER |
| Classification number |
389/.1 |
| Edition number |
23/eng/20250625 |
| 100 1# - MAIN ENTRY--PERSONAL NAME |
| Personal name |
Haitjema, Han, |
| Relator term |
author. |
| 245 10 - TITLE STATEMENT |
| Title |
Dimensional metrology / |
| Statement of responsibility, etc |
Han Haitjema and Richard Leach. |
| 250 ## - EDITION STATEMENT |
| Edition statement |
First edition. |
| 263 ## - PROJECTED PUBLICATION DATE |
| Projected publication date |
2507 |
| 264 #1 - PUBLICATION, DISTRIBUTION, ETC. (IMPRINT) |
| Place of publication, distribution, etc |
Boca Raton, FL ; |
| -- |
Abingdon, Oxon : |
| Name of publisher, distributor, etc |
CRC Press, |
| Date of publication, distribution, etc |
2025. |
| 264 #4 - PUBLICATION, DISTRIBUTION, ETC. (IMPRINT) |
| Date of publication, distribution, etc |
Boca Raton, FL ; |
| Place of publication, distribution, etc |
CRC Press, |
| Name of publisher, distributor, etc |
2025. |
| 300 ## - PHYSICAL DESCRIPTION |
| Extent |
xi, 334p.: |
| Other physical details |
il. charts and diagrams |
| 336 ## - CONTENT TYPE |
| Content type term |
text |
| Content type code |
txt |
| Source |
rdacontent |
| 337 ## - MEDIA TYPE |
| Media type term |
unmediated |
| Media type code |
n |
| Source |
rdamedia |
| 338 ## - CARRIER TYPE |
| Carrier type term |
volume |
| Carrier type code |
nc |
| Source |
rdacarrier |
| 500 ## - GENERAL NOTE |
| General note |
Includes index. |
| 520 ## - SUMMARY, ETC. |
| Summary, etc |
"This book provides in-depth coverage of metrology principles for students, practicing engineers, technologists, and researchers. It presents and explains mathematical principles and treatments and practical applications of metrology, with numerous chapter exercises that link theory to the solution of practical problems. Computer-based classes of dimensional metrology are covered, such as CMM-technology, areal surface measurement, and X-ray computed tomography. Readers are shown how to perform and evaluate dimensional measurements and interpret the results. Measuring instruments and methods are explained so readers can determine which to use for specific applications"-- |
| Assigning source |
Provided by publisher. |
| 650 #0 - SUBJECT ADDED ENTRY--TOPICAL TERM |
| Topical term or geographic name as entry element |
Metrology. |
| 650 #0 - SUBJECT ADDED ENTRY--TOPICAL TERM |
| Topical term or geographic name as entry element |
Measurement. |
| 700 1# - ADDED ENTRY--PERSONAL NAME |
| Personal name |
Leach, R. K., |
| Relator term |
author. |
| 906 ## - LOCAL DATA ELEMENT F, LDF (RLIN) |
| a |
7 |
| b |
cbc |
| c |
orignew |
| d |
1 |
| e |
ecip |
| f |
20 |
| g |
y-gencatlg |
| 942 ## - ADDED ENTRY ELEMENTS (KOHA) |
| Source of classification or shelving scheme |
Library of Congress Classification |
| Koha item type |
Books |